Cours d'Economie sociale / (Registro nro. 24314)

Detalles MARC
000 -LEADER
campo de control de longitud fija 00530nam a2200169 i 4500
001 - NÚMERO DE CONTROL
campo de control 24314
003 - IDENTIFICADOR DE NÚMERO DE CONTROL
campo de control ES-MaACL
005 - FECHA Y HORA DE LA ÚLTIMA TRANSACCIÓN
campo de control 20230906153026.0
007 - CAMPO FIJO DE DESCRIPCIÓN FÍSICA--INFORMACIÓN GENERAL
campo de control de longitud fija t|
008 - DATOS DE LONGITUD FIJA--INFORMACIÓN GENERAL
campo de control de longitud fija 021217s1921 fr ||||1| fre d
100 1# - ENTRADA PRINCIPAL--NOMBRE DE PERSONA
Nombre de persona Antoine, Ch.
9 (RLIN) 21910
245 10 - MENCIÓN DEL TÍTULO
Título Cours d'Economie sociale /
Mención de responsabilidad, etc. Ch. Antoine ; sixiéme edition mise a jour par Henri du Passage.
260 ## - PUBLICACIÓN, DISTRIBUCIÓN, ETC.
Lugar de publicación, distribución, etc. París :
Nombre del editor, distribuidor, etc. [s.n.,
Fecha de publicación, distribución, etc. 1921] (
Lugar de fabricación/manufactura Saint-Denis :
Fabricante Imp. J. Dardaillon)
300 ## - DESCRIPCIÓN FÍSICA
Extensión X, 776 p. ;
Dimensiones 24 cm.
700 1# - ENTRADA AGREGADA--NOMBRE PERSONAL
Nombre de persona Passage, Henri de.
9 (RLIN) 89438
852 ## - LOCALIZACIÓN
Ubicación ES-MaACL
Número de control de estantería F-3267
Existencias
Estatus retirado Estado de pérdida Estado de daño No para préstamo Biblioteca de origen Biblioteca actual Ubicación en estantería Fecha de adquisición Fuente de adquisición Total de préstamos Signatura topográfica completa Código de barras Visto por última vez Precio de reemplazo Tipo de ítem Koha
        Biblioteca del Ateneo de Madrid Biblioteca del Ateneo de Madrid Depósito 2 17/01/2008     F-3267 1025068 23/02/2023 23/02/2023 Libro impreso